00844nam a22001697a 4500003000400000005001700004008004100021040000900062110004800071245015700119260009100276300001100367500017600378650003000554700002800584711006200612OSt20131128112854.0130521s1996 sp ||||| |||| 00| 0 cat d cCDMR1 aCentre d'Investigació de la Comunicació10aBibliografia sobre radiodifusiób: aportacions de Catalunya, Balears i la Comunitat Valenciana, 1903-1996c[coordinador de l'edició Daniel E. Jones] aBarcelonabGeneralitat de Catalunya. Centre d'Investigació de la Comunicacióc1996 a110 p. aContribució del Centre d'Investigació de la comunicació al I Congrés de la Ràdio de catalunya (Barcelona: Fira de Barcelona: SONIMAG'96, 4 i 5 d'octubre de 1996)04aRadiodifusiózCatalunya1 aJones, Daniel Evaneed.2 aCongrés de la Ràdio de CatalunyacBarcelonad1996n1r